Statistics for Finalistes de l'Europa League

Click here to take the quiz!

General Stats

  • This quiz has been taken 9 times
  • The average score is 16 of 27

Answer Stats

Answer % Correct
Liverpool
100%
Chelsea
86%
Valence CF
86%
Atlético Madrid
86%
Manchester United
86%
FC Porto
71%
Olympique de Marseille
71%
Ajax Amsterdam
71%
FC Séville
71%
Benfica
71%
Arsenal
71%
CSKA Moscou
57%
Celtic Glasgow
57%
Feyenoord Rotterdam
57%
Shakhtar Donetsk
57%
Athletic Bilbao
57%
Rangers
57%
Borussia Dortmund
43%
Espanyol Barcelone
43%
Sporting CP
43%
Werder Brême
43%
Sporting Braga
43%
Dnipro Dnipropetrovsk
43%
Deportivo Alavés
43%
Zénith Saint-Pétersbourg
29%
Middlesbrough
29%
Fulham
29%

Score Distribution

Percentile by Number Answered

Percent of People with Each Score

Your Score History

You have not taken this quiz